Текст томруулах:    
Continuing education for the library information professions (Бичлэгийн дугаар. 146177)
000 -УДИРДЛАГА
Удирдлага 00944nam a22003017a 4500
003 - ХЯНАЛТЫН ТОО ТОДОРХОЙЛОГЧ
Код MN-UlNUM
005 - БИЧИЛТ ХИЙСЭН ОГНОО
Тухайн бичилтийг бичсэн засварласан сүүлийн огноо 20260113132741.0
008 - ЕРӨНХИЙ МЭДЭЭЛЭЛ
Ерөнхий мэдээлэл 260113s1985 ctu|b||| |||| 001 0 eng |
020 ## - ISBN
ISBN 0208018972
040 ## - БИЧЛЭГ ҮҮСГЭГЧ БАЙГУУЛЛАГА
Бичлэг үүсгэгч номын сангийн код МУИС-ийн номын сан
084 ## - ББК АНГИЛАЛ
Нэмэлт тусгалт Номзүйн гарын авлага, лавлах хэвлэл
ББК ангилал 78.5
Зохиогчийн гурван тэмдэгт C 76
Мэдлэгийн ялгаа 76 - Нийтийн мэдээллийн хэрэгсэл
245 00 - ҮНДСЭН ГАРЧИГ
Номын нэр Continuing education for the library information professions
Оролцогчдын тухай мэдээ William G. Asp ... [et al.].
260 ## - ГАРАЛТЫН МЭДЭЭ
Хэвлэгдсэн газар Hamden, Conn. :
Хэвлэлийн газар Library Professional Publications,
Хэвлэгдсэн он 1985.
300 ## - МАТЕРИАЛЫН ТОДОРХОЙЛОЛТ
хуудасны тоо 348 p. ;
Хэмжээ 23 cm.
500 ## - Тайлбар
Дансны дугаар БС 4967
546 ## - ХЭЛНИЙ ТУХАЙ МЭДЭЭ
Хэл Англи хэл дээр,
653 ## - Түлхүүр үг
Түлхүүр үг library education (Continuing education)
653 ## - Түлхүүр үг
Түлхүүр үг information science
653 ## - Түлхүүр үг
Түлхүүр үг study and teaching (Continuing education)
700 1# - ХАМ ЗОХИОГЧИД
Ба бус Asp, William G.
740 ## - НОМЫН ГАРЧИГ
Гарчиг Elizabeth W.Stone
740 ## - НОМЫН ГАРЧИГ
Гарчиг Peggy O'Donnell
740 ## - НОМЫН ГАРЧИГ
Гарчиг Willian G. Asp and Suzanne H. Mahmoodi
740 ## - НОМЫН ГАРЧИГ
Гарчиг Marilyn L. Miller
942 ## - ЭЛЕМЕНТИЙН ТӨРӨЛ
Зүйлийн төрөл Ном